An engineer's view of human error / (Record no. 17705)
[ view plain ]
| 000 -LEADER | |
|---|---|
| fixed length control field | 00821 am a22002418a 4500 |
| 001 - CONTROL NUMBER | |
| control field | 011629919 |
| 005 - DATE AND TIME OF LATEST TRANSACTION | |
| control field | 20131029114841.0 |
| 008 - FIXED-LENGTH DATA ELEMENTS--GENERAL INFORMATION | |
| fixed length control field | 011113s2002 xxu || 000 ||eng |
| 020 ## - INTERNATIONAL STANDARD BOOK NUMBER | |
| International Standard Book Number | 1560329106 : |
| 082 04 - DEWEY DECIMAL CLASSIFICATION NUMBER | |
| Classification number | 620.86 |
| Edition number | 21 |
| Item number | KLE |
| 100 1# - MAIN ENTRY--PERSONAL NAME | |
| Personal name | Kletz, Trevor A. |
| 9 (RLIN) | 33925 |
| 245 13 - TITLE STATEMENT | |
| Title | An engineer's view of human error / |
| Statement of responsibility, etc | Trevor Kletz. |
| 250 ## - EDITION STATEMENT | |
| Edition statement | 3rd ed. |
| 260 ## - PUBLICATION, DISTRIBUTION, ETC. (IMPRINT) | |
| Place of publication, distribution, etc | Washington, D.C. ; |
| -- | London : |
| Name of publisher, distributor, etc | Taylor & Francis, |
| Date of publication, distribution, etc | 2002. |
| 300 ## - PHYSICAL DESCRIPTION | |
| Extent | 280p. : |
| Other physical details | ill. (some col.) ; |
| Dimensions | 26cm. |
| 500 ## - GENERAL NOTE | |
| General note | This ed. originally published: Rugby: Institution of Chemical Engineers, 2001. |
| 650 #0 - SUBJECT ADDED ENTRY--TOPICAL TERM | |
| Topical term or geographic name as entry element | Human engineering. |
| 9 (RLIN) | 31863 |
| 650 #0 - SUBJECT ADDED ENTRY--TOPICAL TERM | |
| Topical term or geographic name as entry element | Industrial safety. |
| 9 (RLIN) | 34286 |
| 650 #0 - SUBJECT ADDED ENTRY--TOPICAL TERM | |
| Topical term or geographic name as entry element | Engineering |
| General subdivision | Safety measures. |
| 9 (RLIN) | 24638 |
| 650 #0 - SUBJECT ADDED ENTRY--TOPICAL TERM | |
| Topical term or geographic name as entry element | Accidents |
| General subdivision | Prevention. |
| 9 (RLIN) | 34287 |
| 653 ## - INDEX TERM--UNCONTROLLED | |
| Resource For college | |
| Arrived date list | October2013 |
| 942 ## - ADDED ENTRY ELEMENTS (KOHA) | |
| Source of classification or shelving scheme | Dewey Decimal Classification |
| Item type | Book - Borrowing |
| Call number prefix | 620.86 KLE |
| Withdrawn status | Item status | Source of classification or shelving scheme | Damaged status | Not for loan | Vendor | Home library | Current library | Shelving location | Date acquired | Source of acquisition | Total Checkouts | Full call number | Barcode | Date last seen | Koha item type | Date last borrowed |
|---|---|---|---|---|---|---|---|---|---|---|---|---|---|---|---|---|
| Dewey Decimal Classification | Baccah | Central Library | Central Library | First floor | 29/10/2013 | 620.86 KLE | 000029427 | 15/07/2025 | Book - Borrowing | |||||||
| Dewey Decimal Classification | Baccah | Central Library | Central Library | First floor | 29/10/2013 | 1 | 620.86 KLE | 000029426 | 15/07/2025 | Book - Borrowing | 09/01/2014 | |||||
| Dewey Decimal Classification | Baccah | Central Library | Central Library | First floor | 29/10/2013 | 620.86 KLE | 000029425 | 15/07/2025 | Book - Borrowing |